000 00346nam a2200157Ia 4500
100 _aHorngren/ Sundern
250 _a9
942 _cBK
654 _amanagement accounting
245 _aInt. to Management Accounting
260 _bPrentice Hall
_c1993
082 _a658.152
_bHOR/SUN
300 _a326
546 _aENGLISH
999 _c20014
_d20014